Kodex společníků. II., Vzestup krále /
Pokračování série zasazené do populárního univerza Forgotten Realms.
Uloženo v:
| Série: | Kodex společníků,
část 2 |
|---|---|
| Hlavní autor: | |
| Další autoři: | |
| Médium: | E-kniha |
| Jazyk: | Czech |
| Vydáno: |
Ostrava :
Fantom Print,
2019
|
| Vydání: | 1. vydání |
| Edice: | Dungeons & Dragons (Fantom Print)
Forgotten realms (Fantom Print) |
| Témata: | |
| Příbuzné jednotky: | Z cyklu::
Kodex společníků |
| Tagy: |
Žádné tagy |
| LEADER | 02365nam a2200505 i 4500 | ||
|---|---|---|---|
| 001 | 311085 | ||
| 003 | CZ PrSKC | ||
| 005 | 20260601215659.0 | ||
| 007 | ta | ||
| 008 | 190919s2019 xr g 000 f cze | ||
| 015 | |a cnb003133970 | ||
| 020 | |a 9788075940360 |q (brožováno) | ||
| 035 | |a (OCoLC)1130278074 | ||
| 040 | |a ABG001 |b cze |d BOA001 |e rda | ||
| 041 | 1 | |a cze |h eng | |
| 072 | 7 | |a 821.111(73)-3 |x Americká próza |2 Konspekt | |
| 080 | |a 821.111(73)-31 |2 MRF | ||
| 080 | |a (0:82-312.9) |2 MRF | ||
| 100 | 1 | |a Salvatore, R. A., |d 1959- |7 xx0000875 |4 aut | |
| 240 | 1 | 0 | |a Rise of the king. |l Česky |
| 245 | 1 | 0 | |a Kodex společníků. |n II., |p Vzestup krále / |c R.A. Salvatore ; překlad Kateřina Niklová |
| 246 | 3 | 0 | |a Vzestup krále |
| 250 | |a 1. vydání | ||
| 264 | 1 | |a Ostrava : |b Fantom Print, |c 2019 | |
| 300 | |a 383 stran ; |c 21 cm | ||
| 336 | |a text |b txt |2 rdacontent | ||
| 337 | |a bez média |b n |2 rdamedia | ||
| 338 | |a svazek |b nc |2 rdacarrier | ||
| 490 | 1 | |a Dungeons & Dragons | |
| 490 | 1 | |a Forgotten realms | |
| 500 | |a Přeloženo z angličtiny | ||
| 520 | 2 | |a Pokračování série zasazené do populárního univerza Forgotten Realms. |b Pod temným příkrovem, který zakryl slunce, se věčnou nocí valí hordy orků, kují se pikle a uzavírají spojenectví. Tedy, zatím jen mezi nepřáteli. Města trpaslíků, lidí a elfů zůstávají osamocená. V takové situaci není jednoduché zformovat účinnou obranu. Vypadá to na náročný úkol pro drowského odpadlíka Drizzta a jeho společníky. | |
| 655 | 7 | |a americké romány |7 fd131796 |2 czenas | |
| 655 | 7 | |a fantasy romány |7 fd184199 |2 czenas | |
| 655 | 9 | |a American fiction |2 eczenas | |
| 655 | 9 | |a fantasy novels |2 eczenas | |
| 700 | 1 | |a Niklová, Kateřina, |d 1979- |7 xx0038698 |4 trl | |
| 787 | 0 | 8 | |i Z cyklu: |t Kodex společníků |g 2 |
| 830 | 0 | |a Dungeons & Dragons (Fantom Print) | |
| 830 | 0 | |a Forgotten realms (Fantom Print) | |
| 900 | |a ABA001 |b 21 | ||
| 044 | |a xr | ||
| 910 | |a RBIT002 | ||
| 998 | |d 201505 |a https://core.palmknihy.cz/api/books/201505/cover?pxm6av |b https://core.palmknihy.cz/api/books/201505/cover/400?pxm6av |c https://core.palmknihy.cz/api/books/201505/cover/50?pxm6av |e 2026-09-30 |g 384 |i 9788075940360 |j https://core.palmknihy.cz/api/books/201505/preview.epub |l |q 49 |r 1 |s https://www.palmknihy.cz/kniha/201505 |t ebook |y 2019 |z 0 |v Kodex společníků |w 2 | ||
| 999 | |d 311083 | ||